| 000 | 00470nam a22001937a 4500 | ||
|---|---|---|---|
| 003 | MPLRDC | ||
| 005 | 20220104143947.0 | ||
| 008 | 210129b ||||| |||| 00| 0 eng d | ||
| 020 | _a962-447-094-4 | ||
| 082 | _a857.621 NK-10 v.7 c.2 | ||
| 100 | _a倪匡 | ||
| 245 |
_a祸根 _c |
||
| 250 | _a再版 | ||
| 260 |
_a _b勤加缘出版社 _c1992 |
||
| 300 | _b平 | ||
| 490 | _a卫斯理科幻系列. 7 | ||
| 650 | _a科幻小说 | ||
| 942 |
_cBK _o857.621 NK-10 v.7 c.2 |
||
| 999 |
_c45041 _d45031 |
||